Význam dobrovoľníctva v SR bakalárska práca

Na minha lista:
Detalhes bibliográficos
Autor principal: Luptáková, Romana
Autor Corporativo: Národohospodárska fakulta EU. Katedra sociálneho rozvoja a práce
Outros Autores: Kováčová, Jaroslava
Formato: Livro
Idioma:eslovaco
Publicado em: Bratislava 2017
Tags: Adicionar Tag
Sem tags, seja o primeiro a adicionar uma tag!

MARC

LEADER 00000nbm a2200000 4500
001 0233723
005 20171018160255.0
041 0 |a slo 
044 |a SK 
245 1 0 |a Význam dobrovoľníctva v SR  |b bakalárska práca  |c Romana Luptáková ; školiteľ: Jaroslava Szüdi Kováčová 
264 1 |a Bratislava  |c 2017 
300 |a 49 s. 
100 1 |a Luptáková, Romana 
700 1 |a Kováčová, Jaroslava 
710 2 |a Národohospodárska fakulta EU. Katedra sociálneho rozvoja a práce